अन्तरिक्ष यान की कहानी / (Record no. 118269)

MARC details
000 -LEADER
fixed length control field 01510nam a22003137a 4500
003 - CONTROL NUMBER IDENTIFIER
control field dpl
005 - DATE AND TIME OF LATEST TRANSACTION
control field 20210208105918.0
008 - FIXED-LENGTH DATA ELEMENTS--GENERAL INFORMATION
fixed length control field 181210b ||||| |||| 00| 0 eng d
010 ## - LIBRARY OF CONGRESS CONTROL NUMBER
LC control number B-150624
020 ## - INTERNATIONAL STANDARD BOOK NUMBER
Terms of availability 200.00
International Standard Book Number 8190156292
035 ## - SYSTEM CONTROL NUMBER
System control number B-150624, B-150634
035 ## - SYSTEM CONTROL NUMBER
System control number B-150632,B-256228
037 ## - SOURCE OF ACQUISITION
Source of stock number/acquisition Cen Lib/Ret
040 ## - CATALOGING SOURCE
Original cataloging agency DPL
Language of cataloging HN
Transcribing agency dpl
082 ## - DEWEY DECIMAL CLASSIFICATION NUMBER
Classification number 629.4
Item number युग्लास्
100 ## - MAIN ENTRY--PERSONAL NAME
Personal name यु ग्लास्कोव
9 (RLIN) 45684
245 ## - TITLE STATEMENT
Title अन्तरिक्ष यान की कहानी /
Statement of responsibility, etc यु. ग्लास्कोव [एवं]यु.कोलेसनिकोव ; संपादक संजीव शर्मा
246 ## - VARYING FORM OF TITLE
Title proper/short title Antriksh yaan ki kahani
Remainder of title by U. Glaskov [evam] U. Kolesnikov ;sampadak Sanjeev Sharma
260 ## - PUBLICATION, DISTRIBUTION, ETC. (IMPRINT)
Place of publication, distribution, etc दिल्ली
Name of publisher, distributor, etc विज्ञान लोक
Date of publication, distribution, etc 2004
270 ## - ADDRESS
Address 30/36, प्रथम तल गली न. -9, विश्वास नगर शाहदरा
City दिल्ली
Postal code 110032
300 ## - PHYSICAL DESCRIPTION
Extent 182पृष्ठ. :
Dimensions 20सेमी(सजिल्द)
Other physical details चित्र.
650 ## - SUBJECT ADDED ENTRY--TOPICAL TERM
Topical term or geographic name as entry element खगोल शास्त्र
9 (RLIN) 79191
650 ## - SUBJECT ADDED ENTRY--TOPICAL TERM
Topical term or geographic name as entry element अन्तरिक्ष यान - अध्धयन
9 (RLIN) 79192
650 ## - SUBJECT ADDED ENTRY--TOPICAL TERM
Topical term or geographic name as entry element Astronomy
9 (RLIN) 79193
650 ## - SUBJECT ADDED ENTRY--TOPICAL TERM
Topical term or geographic name as entry element Space Shuttle - study
9 (RLIN) 79194
700 ## - ADDED ENTRY--PERSONAL NAME
Personal name यु.कोलेसनिकोव
9 (RLIN) 50674
700 ## - ADDED ENTRY--PERSONAL NAME
Personal name शर्मा , संजीव
9 (RLIN) 79195
942 ## - ADDED ENTRY ELEMENTS (KOHA)
Source of classification or shelving scheme Dewey Decimal Classification
Koha item type Hindi Books
Classification part 629.4
Call number suffix युग्लास्को
Holdings
Withdrawn status Lost status Damaged status Not for loan Home library Current library Date acquired Source of acquisition Cost, normal purchase price Total Checkouts Full call number Barcode Date last seen Copy number Cost, replacement price Price effective from Koha item type Source of classification or shelving scheme Collection code Date checked out
        Central Library Central Library 10/09/2015 Cen Lib/Ret 200.00   629.4 युग्लास् B-150624 10/09/2015 1 200.00 10/09/2015 Hindi Books      
        Qila Rai Pithora Qila Rai Pithora 10/12/2018 विज्ञान लोक 200.00 1 629.4 युग्लास्को B-150632 14/06/2019   200.00 10/12/2018 Hindi Books Dewey Decimal Classification Non-fiction 10/06/2019
        Sarojini Nagar Sarojini Nagar 26/06/2019       629.4 युग्लास्को B-150630 26/06/2019     26/06/2019 Hindi Books Dewey Decimal Classification Non-fiction  
        Shahdara Branch Shahdara Branch 06/05/2019 BPPD/PUB 200.00   629.4 युग्लास्को B-150634 06/05/2019   200.00 06/05/2019 Hindi Books Dewey Decimal Classification Non-fiction  

© Delhi Public Library
Hit Counter
free hit counter